000 00440nam a22001697a 4500
003 OSt
005 20260606114958.0
008 260606b |||||||| |||| 00| 0 eng d
020 _a9789368089919
082 _a006.3 CHO
100 _aCHAKRABARTY,Subir
245 _aOverview of Genertive Artificial Intelligence
250 _a1st Ed
260 _aMumbai
_bShroff Publishers and Distributors
_c2025
300 _a206p.
942 _2ddc
_cREF
999 _c14008
_d14008